000 006930000a22001210004500
100 1 _aBustelo, Gabriela
245 1 0 _aEl hombre que no entendía a las mujeres : 150 años del nacimiento de Sigmund Freud
300 _aVol.0, núm.8 (Mayo, 2006), Páginas 18-19
500 _aEscritora, traductora y guionista española.
520 _a"La gran pregunta que no he sido capaz de responder tras treinta años de estudio del alma femenina es: ¿qué quieren las mujeres?" Esto se preguntaba en los últimos años de su vida un perplejo Sigmund Freud, de quien en mayo de este año se celebra el 150 aniversario de su nacimiento.
773 0 _tArcadia / Andrés Felipe Solano, Editor
942 _cANA
999 _c61777
_d61777